[Event "USA-ch"]
[Site "Long Beach"]
[Date "1993.??.??"]
[Round "1"]
[White "Kaidanov, Gregory S"]
[Black "Benjamin, Joel"]
[Result "1-0"]
[WhiteElo "2640"]
[BlackElo "2620"]
[Annotator "Ftacnik,L"]
[PlyCount "71"]
[EventDate "1993.12.??"]
[EventType "tourn"]
[EventRounds "11"]
[EventCountry "USA"]
[EventCategory "14"]
[SourceTitle "CBM 039"]
[Source "ChessBase"]
[SourceDate "1994.04.01"]
[SourceVersion "1"]
[SourceVersionDate "1994.04.01"]
[SourceQuality "1"]

1. d4 Nf6 2. c4 e6 3. g3 Bb4+ 4. Bd2 Be7 5. Bg2 d5 6. Nf3 O-O 7. O-O Nbd7 8.
Qc2 c6 9. Bf4 Ne4 10. Nbd2 f5 {Play has transposed into a Stonewall Dutch.} 11.
Nxe4 fxe4 12. Nd2 Bf6 13. Bd6 Rf7 14. e3 e5 15. Qb3 $1 {A good move which
leads to interesting complications.} exd4 16. cxd5 cxd5 17. Qxd5 Nb6 18. Qc5
dxe3 19. fxe3 Be6 20. Nxe4 Rc8 {In a bad position Banjamin strives for
counterplay. This is probably the best practical chance, forcing Kaidanov to
find good moves.} 21. Qh5 $1 Nc4 22. Nxf6+ Rxf6 (22... gxf6 23. Bc5 $16) 23.
Rxf6 Qxf6 24. Rf1 Qg6 25. Qxg6 hxg6 26. Bf4 Nxb2 27. Bxb7 Rc2 28. Be4 Re2 29.
Bxg6 Bh3 30. Rb1 Rg2+ 31. Kh1 Rd2 32. Be5 Rd1+ 33. Rxd1 Nxd1 34. Bd4 Be6 (34...
Nf2+ 35. Kg1 Ng4 36. Bxa7) 35. Kg1 a5 36. Bh5 1-0

[Event "Ashkhabad-A"]
[Site "Ashkhabad"]
[Date "1996.??.??"]
[Round "6"]
[White "Simonenko, Sergei"]
[Black "Annageldyev, Orazly"]
[Result "0-1"]
[WhiteElo "2415"]
[BlackElo "2485"]
[Annotator "Ftacnik,L"]
[PlyCount "60"]
[EventDate "1996.??.??"]
[EventType "tourn"]
[EventRounds "13"]
[EventCountry "TKM"]
[EventCategory "9"]
[SourceTitle "CBM 053"]
[Source "ChessBase"]
[SourceDate "1996.08.01"]
[SourceVersion "1"]
[SourceVersionDate "1996.08.01"]
[SourceQuality "1"]

1. d4 {Petursson} Nf6 2. Nf3 e6 3. c4 d5 4. g3 Be7 5. Bg2 O-O 6. O-O c6 7. Qc2
Nbd7 8. b3 a5 9. Nc3 (9. Nbd2 a4 10. Bb2 a3 11. Bc3 b6 12. e4 Bb7 13. Rfe1 Qb8
14. e5 Ne8 15. cxd5 cxd5 16. Nf1 Nc7 17. Qd2 Na6 18. Ne3 Rc8 19. Bf1 Qc7 20.
Rec1 {Smejkal,J-Ostl,A/BL 8788/1988/1-0 (50)}) 9... Nb6 (9... b6 10. Re1 (10.
e4 Ba6 11. Rd1 Bb4 12. e5 Ne8 13. Ng5 g6 14. h4 Ng7 15. Ne2 a4 16. Nf4 Be7 17.
Bh3 Bxg5 18. hxg5 Bb7 19. Be3 Qe7 20. Rab1 axb3 21. axb3 Rfc8 22. b4 Ba6 23. c5
Bc4 24. Ra1 {1/2-1/2 Steckner,J-Weyrich,M/OLNN 9192/1992/}) 10... Ba6 11. Bf4
Rc8 12. Qb2 b5 13. c5 b4 14. Na4 Ne4 15. Ne5 Nxe5 16. Bxe5 f6 17. Bf4 g5 18.
Bc1 Bb5 19. f3 Bxa4 20. fxe4 Bb5 21. Qc2 {Sunye Neto,J-Agdamus,J/BRA-ch (10)/
1995/1-0 (53)}) 10. c5 (10. Qd3 c5 11. Be3 $13) 10... Nbd7 11. Bf4 Nh5 (11...
b6 12. cxb6 Qxb6 13. Na4 $14) 12. Na4 (12. Be3 f5) 12... Nxf4 13. gxf4 Qc7 14.
e3 b5 (14... f6 15. Rac1 e5 16. Rfe1 $5 e4 (16... exf4 17. exf4 Re8 18. Re3 $14
) 17. Nd2 f5 $132) 15. cxb6 Nxb6 16. Nxb6 (16. Nc5 Nd7 17. Nxd7 Bxd7 18. Rfc1
$14) 16... Qxb6 17. Rfc1 Ba3 18. Qxc6 (18. Ng5 $5 g6 19. Qxc6 Qb8 20. Rc2 $16)
18... Qb8 (18... Qxc6 19. Rxc6 Ba6 20. f5 $1 $16) 19. Rc2 Ra7 20. Qa4 (20. Ne5
f6 21. Bh3 fxe5 (21... Kh8 22. Qa4 Qb4 23. Qxb4 axb4 24. Nc6 $14) 22. Qxc8 Rxc8
23. Bxe6+ Kf8 24. Rxc8+ Qxc8 25. Bxc8 exd4 26. exd4 Rc7 27. Be6 Rc1+ 28. Rxc1
Bxc1 29. Bxd5 Bb2 $14) 20... Qd6 21. Bf1 (21. Ne5 f6 22. Rc6 Qb4 23. Nd3 Qxa4
24. bxa4 Bd7 25. Rb6 $16) 21... f6 22. Rd1 Qe7 (22... Bd7 23. Bb5 Bxb5 24. Qxb5
a4 25. Rc6 $16) 23. Bb5 Kh8 24. Rd3 e5 $1 25. dxe5 (25. fxe5 Bf5 26. exf6 Qxf6
$13) 25... Bh3 (25... Bf5 26. Nd4 Bxd3 (26... Be4 27. Nc6 Qf7 28. f3 $18) 27.
Bxd3 Qd7 28. Qxd7 Rxd7 29. Nc6 $16) 26. Rc6 (26. Nd4 fxe5 27. Nc6 Qh4 28. Nxe5
Bd6 29. Kh1 Bf5 $132) 26... Bb4 27. a3 (27. exf6 $2 gxf6 $1) (27. Kh1 Bf5)
27... Qf7 $1 {Petursson} 28. axb4 $2 {Petursson: Falls for the trick} (28. Kh1
Bf5 (28... Qh5 29. Ng1 Be1 {Petursson} (29... Qg4 30. Nxh3 Qf3+ 31. Kg1 Qg4+
32. Kf1 Qxh3+ 33. Ke2 $14) 30. e4 Bf1 31. Rxd5 $16) 29. Rd4 $1 (29. axb4 Be4
30. Kg1 Qg6+ 31. Ng5 Bxd3 $17) 29... Be4 30. Be2 (30. Rxe4 dxe4 31. Nd4 Be7 $14
) 30... Be7 (30... fxe5 $2 31. Rxe4 dxe4 32. Nxe5 $18) 31. e6 Qh5 32. Rxe4 dxe4
33. Nd4 $14) 28... Qh5 29. Ne1 (29. Nh4 Qxh4 30. e4 Qg4+ 31. Rg3 Qd1+) 29...
Qg4+ 30. Kh1 Qe2 (30... Qe2 31. Rd1 $8 Qxd1 $19) 0-1

[Event "YUG-ch"]
[Site "Podgorica"]
[Date "1996.??.??"]
[Round "1"]
[White "Ilincic, Zlatko"]
[Black "Maksimovic, Branimir"]
[Result "1-0"]
[WhiteElo "2555"]
[BlackElo "2375"]
[Annotator "Ftacnik,L"]
[PlyCount "85"]
[EventDate "1996.02.??"]
[EventType "tourn"]
[EventRounds "15"]
[EventCountry "YUG"]
[EventCategory "9"]
[SourceTitle "CBM 053"]
[Source "ChessBase"]
[SourceDate "1996.08.01"]
[SourceVersion "1"]
[SourceVersionDate "1996.08.01"]
[SourceQuality "1"]

1. d4 e6 2. c4 Nf6 3. Nf3 d5 4. g3 Be7 5. Bg2 O-O 6. O-O Nbd7 7. Qc2 c6 8. b3
b6 9. Rd1 Bb7 10. Nc3 Qc8 11. Bb2 Ba6 (11... Rd8 12. Rac1 Ba6 13. Nd2 b5 14. e4
bxc4 15. bxc4 Nb6 16. c5 Nc4 17. Nxc4 Bxc4 18. e5 Nd7 19. Ne4 Qa6 20. Nd2 Bd3
21. Qc3 Rdb8 22. Qa3 Qxa3 23. Bxa3 Bd8 {1/2-1/2 Manor,I-Porper,E/Tel-Aviv Cup
30' (01)/1996/ (43)}) (11... b5 12. Rac1 bxc4 13. bxc4 Nb6 14. c5 Nc4 15. Rb1
Bd8 16. Bc1 Ba5 17. Rb3 h6 18. h4 Ba6 19. Bh3 Bxc3 20. Rxc3 Ne4 21. Rb3 Bb5 22.
Rb4 a5 23. Rb1 a4 {Sher,M-Bischoff,K/Dortmund op-A (04)/1993/0-1 (57)}) 12. Nd2
b5 13. e4 (13. Rac1 bxc4 14. bxc4 Rb8 15. Na4 dxc4 16. Nxc4 Bb5 17. Ba1 Qa6 18.
Nab2 Qxa2 19. e4 Rfd8 20. Qc3 Bf8 21. Qf3 Ba6 22. g4 Rb3 23. Qf4 Rdb8 24. Rd2
Ba3 {Arsovic,Z-Maksimovic,B/JUG-ch Podgorica (02)/1996/0-1 (59)}) 13... bxc4
14. bxc4 dxc4 (14... Bxc4 15. Nxc4 dxc4 16. Na4 Nb6 17. Rdc1 $14) 15. Na4 Bb5 (
15... Nb6 16. Nc5) 16. Bc3 Nb6 (16... Qa6 17. Nb2 c5 18. a4 Bc6 19. Ndxc4 $14)
17. Nc5 e5 $6 (17... Bxc5 18. dxc5 Ba4 19. Qb2 Nbd7 20. Rdc1 Rb8 21. Qa3 Bb5
22. Bxf6 Nxf6 23. Nxc4) 18. a4 $1 (18. dxe5 Bxc5 19. exf6 Ba4 20. Qb2 Bxd1 21.
fxg7 Rd8 22. Rxd1 Na4 $17) 18... exd4 19. Bxd4 Rd8 (19... Ba6 20. a5 Nbd7 21.
Nxa6 Qxa6 22. Nxc4 $16) 20. Bxf6 gxf6 (20... Bxf6 21. e5 (21. Ra2 c3 22. axb5
Rxd2 23. Rxd2 cxd2 24. e5 $13) (21. Rab1 Bd4 22. axb5 cxb5 23. Nb7 Qxb7 24. e5
Qc7) 21... Bxe5 22. axb5 Bxa1 23. Rxa1 Qg4 24. Nb7 Qe2 25. Nxd8 Rxd8 26. Ra2
cxb5 27. Qe4 $14) 21. axb5 Bxc5 (21... cxb5 22. Na6 $16) 22. bxc6 Bd4 23. Rac1
Qxc6 (23... Be5 24. Kh1 Qxc6 25. f4 Bd4 26. e5 Qc8 27. Nxc4 Nxc4 28. Qe2 $16)
24. e5 Qc5 (24... Nd5 25. exf6 (25. Qxc4 Qxc4 26. Nxc4 fxe5 27. Nxe5 Bxe5 28.
Bxd5 Rac8 $10) (25. Nxc4 fxe5 26. Be4 h6 27. Nxe5 Qxc2 28. Rxc2 Ne3 29. fxe3
Bxe5 $10) 25... Rab8 26. Nxc4 $14) 25. Bxa8 Rxa8 (25... Bxf2+ $2 26. Kg2 Rxa8
27. Ne4 $18) 26. Qf5 fxe5 (26... Bb2 27. Rc2 Qxe5 28. Qg4+ Kf8 29. Nxc4 $18)
27. Ne4 Qc6 28. Nf6+ Kf8 (28... Kg7 29. Qg5+ Kf8 (29... Kh8 30. Qh6 $18) 30.
Rxd4 exd4 31. Re1 $18) 29. Qg5 Qe6 30. Nxh7+ Ke8 31. Nf6+ Ke7 32. Nd5+ Kd6 33.
Ne3 Kc5 34. Nf5 Nd5 (34... Qd5 35. Qe7+ Kc6 36. Rd2 $18) 35. Nxd4 exd4 36. Qd2
Nb6 (36... d3 37. Qxd3) (36... Qe5 37. Qa5+ Kd6 38. Rxc4 $18) 37. Qxd4+ Kc6 38.
Re1 Qd6 (38... Qd5 39. Qf6+ $18) 39. Rxc4+ Nxc4 (39... Kd7 40. Qg4+ $18) 40.
Qxc4+ Qc5 41. Qxf7 Rf8 42. Re6+ Kb5 (42... Kd5 43. Qd7+ Kc4 44. Rc6 $18) 43.
Qb7+ (43. Qb7+ Kc4 44. Rc6 $18) 1-0

[Event "Hoogovens-B"]
[Site "Wijk aan Zee"]
[Date "1992.01.??"]
[Round "6"]
[White "Tukmakov, Vladimir B"]
[Black "Cifuentes Parada, Roberto"]
[Result "1-0"]
[WhiteElo "2535"]
[BlackElo "2540"]
[Annotator "Ftacnik,L"]
[PlyCount "53"]
[EventDate "1992.01.??"]
[EventType "tourn"]
[EventRounds "11"]
[EventCountry "NED"]
[EventCategory "10"]
[SourceTitle "CBM 028"]
[Source "ChessBase"]
[SourceDate "1992.06.01"]
[SourceVersion "1"]
[SourceVersionDate "1992.06.01"]
[SourceQuality "1"]

1. d4 d5 2. c4 e6 3. Nf3 Nf6 4. g3 Bb4+ 5. Bd2 Be7 6. Bg2 O-O 7. O-O c6 8. Qc2
Nbd7 9. Bf4 Ne4 10. Nfd2 {N} (10. Nbd2 g5 11. Be3 f5) 10... Nxd2 (10... f5 $5
11. Nxe4 fxe4 12. Nc3 $13) 11. Nxd2 g5 12. Be3 f5 13. f3 $1 Bd6 14. Bf2 Nf6 15.
e4 fxe4 (15... dxe4 16. fxe4 Ng4 17. Nf3) 16. fxe4 Ng4 17. Nf3 dxc4 $1 (17...
Nxf2 18. Rxf2 g4 19. Ne5) 18. Bh3 $1 Nxf2 (18... e5 $5 19. Qxc4+ Kg7 20. Bxg4
Bxg4 21. dxe5 Bc7 $13) 19. Rxf2 b5 20. Raf1 (20. e5 Bc7 21. Qe4 Bd7 22. Qg4
$146) 20... Qe7 $2 (20... e5 $1 21. Bxc8 Rxc8 22. Nxe5 Rxf2 23. Qxf2 Bxe5 24.
Qf7+ Kh8 25. dxe5 Qd4+ 26. Rf2 Qxe5 $13) 21. e5 Bc7 22. Nxg5 $1 Rxf2 23. Qxf2
Bd7 24. Qf4 (24. Qf7+ Qxf7 25. Rxf7 Bd8 26. Rxh7 Bxg5 27. Rxd7 $16) 24... Bb6 (
24... Rf8 $2 25. Bxe6+ $1 Bxe6 26. Qxf8+ $18) 25. Qg4 h5 26. Qxh5 Bxd4+ 27. Kg2
{Ftacnik,L} 1-0

[Event "Rostock-07 IM Group"]
[Site "Rostock"]
[Date "1981.08.18"]
[Round "4"]
[White "Neckar, Lubomir"]
[Black "Neukirch, Detlef"]
[Result "1/2-1/2"]
[WhiteElo "2380"]
[BlackElo "2375"]
[Annotator "Ftacnik,L"]
[PlyCount "96"]
[EventDate "1981.08.15"]
[EventType "tourn"]
[EventRounds "9"]
[EventCountry "DDR"]
[EventCategory "4"]
[SourceTitle "MCL"]
[Source "ChessBase"]
[SourceDate "1999.07.01"]
[SourceVersion "1"]
[SourceVersionDate "1999.07.01"]
[SourceQuality "1"]

1. Nf3 Nf6 2. c4 e6 3. g3 d5 4. Bg2 Be7 5. O-O O-O 6. d4 Nbd7 7. Qc2 c6 8. Rd1
b5 $6 (8... Ne4) (8... b6) 9. c5 (9. Nbd2 bxc4) 9... a5 (9... Ne4 10. Nbd2 f5
11. b4 Bf6 12. Bb2 a5 13. a3 a4 14. Ne1 Nxd2 15. Qxd2 e5 $10 {Schmidt-Csom,
Olot 1975}) 10. Bf4 $5 (10. Nbd2 Ba6 11. Re1 Qc7 12. e4 dxe4 13. Nxe4 Nxe4 14.
Rxe4 b4 15. Bd2 $14 {Knaak-Espig,Zinnowitz 1971}) 10... Ne4 11. Ne5 Nxe5 12.
Bxe5 f5 (12... f6) 13. Nd2 Bf6 14. Nxe4 fxe4 15. Bd6 Be7 (15... Re8) 16. Bxe7
Qxe7 17. f3 $1 exf3 18. exf3 Qf6 19. f4 g5 20. fxg5 Qxg5 21. Re1 Ra7 22. Re5
Qg4 23. Qd2 Rg7 24. Rf1 Rxf1+ 25. Bxf1 Bd7 26. Be2 Qh4 27. Bh5 a4 28. Qf2 Qe7
29. Qf4 b4 30. a3 bxa3 31. bxa3 Bc8 32. Re1 Rg5 33. Bf7+ Kh8 34. h4 Rg7 35. Bh5
$6 Qb7 36. Rf1 $6 Qb3 $1 37. Qf8+ Rg8 38. Qf6+ Rg7 39. Qf8+ Rg8 40. Qf6+ Rg7
41. Rf3 Qd1+ 42. Kg2 Qe2+ 43. Kg1 Qd1+ 44. Kh2 Qe2+ 45. Kh1 Qd1+ 46. Kh2 Qe2+
47. Kh3 e5+ 48. g4 exd4 1/2-1/2

[Event "Dresden ZMD op-A 21st"]
[Site "Dresden"]
[Date "2012.08.25"]
[Round "8"]
[White "Meier, Georg"]
[Black "Prohaszka, Peter"]
[Result "1-0"]
[WhiteElo "2668"]
[BlackElo "2557"]
[Annotator "Gutman,L"]
[PlyCount "113"]
[EventDate "2012.08.18"]
[EventType "swiss"]
[EventRounds "9"]
[EventCountry "GER"]
[SourceTitle "EXT 2014"]
[Source "ChessBase"]
[SourceDate "2013.11.20"]
[SourceVersion "1"]
[SourceVersionDate "2013.11.20"]
[SourceQuality "1"]

1. d4 Nf6 2. c4 e6 3. g3 d5 4. Nf3 Bb4+ 5. Bd2 Be7 6. Bg2 Nbd7 7. O-O c6 8. Qc2
O-O 9. Bf4 b6 10. Rd1 Bb7 11. Ne5 (11. Nc3 {ist üblich}) 11... Nh5 ({Nach} 
11... Nxe5 12. dxe5 Nd7 13. cxd5 cxd5 14. e4 dxe4 15. Bxe4 Bxe4 16. Qxe4 Qc7
17. Nc3 $14 {stand Weiß etwas besser in Schreiner-Oparin, Athens 2012}) 12. Bd2
Nhf6 13. cxd5 cxd5 14. Nc6 Bxc6 15. Qxc6 Rc8 16. Qb5 Ne8 17. Qa4 ({In
Tomashevsky-Matlakov, Taganrog 2011, folgte} 17. Qd3 Nd6 $11 {mit Ausgleich})
17... Nd6 18. Na3 Nf6 ({Nachahltiger wäre} 18... Qc7 $5 19. Rac1 Qb7 $11) 19.
Rac1 Qd7 20. Qxd7 Nxd7 21. e3 Nb8 ({Das Enspiel nach} 21... Rxc1 22. Rxc1 Rc8
23. Rxc8+ Nxc8 24. Nb5 Nf6 {scheint ausgeglichen zu sein.}) 22. f3 Rxc1 23.
Bxc1 $6 ({Überlässt Schwarz die c Linie. Vorsichtiger war} 23. Rxc1 Rc8 24.
Rxc8+ Nxc8 25. Nc2 b5 26. Bf1 Nd6 27. b3 a6) 23... Rc8 24. e4 Nc6 25. Nc2 Nb5 (
{Etwas mehr vom Spiel versprach Schwarz} 25... dxe4 $5 26. fxe4 f5 27. d5 Ne5
28. Bf4 Ng6 29. Nd4 Nxe4) 26. exd5 Ncxd4 27. Nxd4 Nxd4 28. Be3 Nc2 ({Zum
Ausgleich führt} 28... Nf5 29. Bf2 Rc2 30. Bh3 Rxb2 31. Bxf5 exf5 32. d6 Bd8
33. Re1 Kf8 34. d7 Be7 35. Rd1 Bd8 36. Re1 Be7 $11) 29. Bf2 exd5 30. Rxd5 Rd8
31. f4 Rxd5 32. Bxd5 Nb4 ({Einfacher war} 32... Bf6 33. Be4 Nd4 34. a4 Kf8 35.
b4 Ke7 36. a5 g6 $11) 33. Bc4 Bf6 34. a3 Nc6 35. b3 Bb2 ({Und hier} 35... Kf8
36. a4 Ke7 $11) 36. a4 Bc3 37. Kg2 Bd4 ({Sinnvoller erscheint} 37... Nd4 38.
Be3 g6 39. Bc1 Kg7) 38. Be1 Bc5 39. Kf3 Kf8 40. Ke4 Ke7 41. g4 f6 42. Bc3 Bb4
43. Bb2 Nd8 $2 ({Schwarz verliert den Faden. Angebracht ist} 43... Kf8) 44. Bg8
h6 45. h4 Nb7 46. Kf5 Nc5 47. g5 hxg5 48. fxg5 Nd3 49. Bd4 $2 ({Leicht gewann} 
49. Ba1 fxg5 (49... Ne5 50. h5 Kf8 51. Be6) 50. hxg5 $18) 49... Ne5 50. gxf6+
gxf6 51. h5 Bd2 $2 ({Nach} 51... Kf8 52. Bd5 Kg7 53. Be3 Bc3 54. Bf4 Nd7 55.
h6+ Kh8 56. Be4 Ne5 $14 {hätte es Weiß nicht leicht weiter zu kommen}) 52. Bd5
Kd6 53. Bc4 Ke7 54. Bb2 Kd6 55. Ba3+ Kc6 56. Be2 Kd5 57. Be7 1-0

[Event "EU-chT (Men) 17th"]
[Site "Novi Sad"]
[Date "2009.10.29"]
[Round "8"]
[White "Hammer, Jon Ludvig"]
[Black "Adams, Michael"]
[Result "1/2-1/2"]
[WhiteElo "2585"]
[BlackElo "2682"]
[Annotator "Hammer,J"]
[PlyCount "62"]
[EventDate "2009.10.22"]
[EventType "team-swiss"]
[EventRounds "9"]
[EventCountry "YUG"]
[SourceTitle "CBM 133"]
[Source "ChessBase"]
[SourceDate "2009.11.19"]
[SourceVersion "1"]
[SourceVersionDate "2009.11.19"]
[SourceQuality "1"]
[WhiteTeam "Norway"]
[BlackTeam "England"]
[WhiteTeamCountry "NOR"]
[BlackTeamCountry "ENG"]

1. d4 Nf6 2. c4 e6 3. g3 d5 4. Nf3 Bb4+ 5. Bd2 Be7 6. Bg2 O-O 7. O-O c6 8. Bf4
Nbd7 9. Qc2 b6 10. Rd1 Ba6 11. Ne5 {I went for this variation hoping for the
ending played in Gelfand-Alekseev Moscow 2008, which is favourable for White.}
Rc8 ({The aforementioned game continued} 11... Nxe5 12. dxe5 Nd7 13. cxd5 cxd5
14. e4 Rc8 15. Nc3 d4 16. Rxd4 Qc7 17. Rad1 $1 Rfd8 (17... Nxe5 18. Qa4 Bb7 19.
Rd7) 18. h4 $1 $14) 12. Nc3 {I was still hoping for a transposition to the
Gelfand game, but instead Adams challenged me to prove that I had compensation
for a pawn after...} ({Another possibility is} 12. cxd5 cxd5 13. Nc6 {but the
symmetrical structure makes it hard to claim an edge for White after} Bb5 14.
Nxe7+ Qxe7) 12... Bxc4 (12... b5 {was another interesting alternative, when
White should play c5 if he is to hope for an advantage. A possible line is} 13.
c5 b4 14. Nxd7 Nxd7 15. Na4 Bb5 {with a complex position.}) 13. Nxc4 dxc4 14.
e4 b5 {White's compensation for the pawn lies in the potential of the bishop
pair and the strong pawn centre. My strategy was to blast open the centre in
order to exploit my actively placed pieces. This can be done in three
different ways:  1) the game continuation with a4 and axb5. 2) a4, but without
axb5. 3) playing d5 immediately.} 15. a4 ({After the direct attempt:} 15. d5
cxd5 16. exd5 e5 17. Bg5 {Black can play} Qb6 {with good play. For example:}
18. Bh3 Bc5 $1 19. Bxf6 (19. a4 b4 $1) 19... Nxf6 20. Bxc8 Rxc8 {with good
compensation.}) 15... a6 16. axb5 (16. d5 {Playing without axb5 has the virtue
of preventing the exchange sacrifices with Qb6, but on the other hand White's
rook on a1 won't have an open file to work on.} cxd5 17. exd5 e5 18. Bg5 b4 (
18... Qb6 19. Ne4 {is strong for White, as} Bc5 {is met by} 20. a5 $1 $16 {
[%csl Gf6]}) 19. d6 bxc3 20. Qxc3 h6 21. Be3 $44) 16... axb5 17. d5 cxd5 18.
exd5 e5 19. Bg5 b4 $2 (19... Qb6 {was a better alternative. Adams was afraid
of d6, which also was my intention, but it appears it is insufficient.
Therefore Ne4 is the best choice.} 20. Ne4 $1 (20. Bh3 {is a refinement of the
move order, which would have worked brilliantly had it not been for the
exchange sacrifice} Bc5 $1 21. Bxf6 Nxf6 22. Bxc8 Rxc8 $44 {when Black has
successfully seized the initiative.}) (20. d6 $2 Bxd6 21. Bh3 Rc6 $1 {the move
Adams missed. Now, play may continue} 22. Bxd7 Nxd7 23. Nd5 Qb7 24. Be7 Nc5 $1
25. Bxf8 Bxf8 {with tremendous compensation for an exchange.}) 20... Bc5 $1 (
20... Rfe8 21. Be3 {is not how Black wants to play.}) 21. Nxc5 $1 (21. Nxf6+
Nxf6 22. d6 Bxd6 23. Bxf6 gxf6 24. Qf5 Bc5 25. Be4 Rfd8 $1 $17 {and Black gets
the king to safety on e7.}) 21... Nxc5 22. d6 {with a very interesting
crossroads. White has compensation for a pawn after both options:} Rcd8 (22...
Nd3 23. Bxf6 gxf6 24. Be4 Qxd6 25. Qe2 {with a possible attack.}) 23. Be3 Ng4 (
23... Rxd6 $4 24. b4 $1 {is not to be recommended.}) 24. Bxc5 Qxc5 25. Rd5 Qb6
26. Rad1 {with dynamic equality.}) 20. d6 bxc3 (20... h6 $4 21. dxe7 Qxe7 22.
Nd5 $18 {is a piece up}) 21. Qxc3 $2 {Never make instant recaptures! White had
a golden opportunity:} (21. Ra7 $3 Bxd6 {A tragic necessity, as} (21... cxb2
22. dxe7 Qxe7 23. Raxd7 $18 {leaves White well on top.}) 22. Rxd6 Rc7 23. Bxf6
gxf6 24. Rxc7 Qxc7 25. Rc6 $1 $16 {The sting in the tail. White has a big
advantage.}) 21... h6 22. Be3 Bxd6 (22... Re8 {may be a lesser evil, but after}
23. dxe7 Qxe7 24. Bh3 $1 {to prevent Qe6, White still enjoys an initiative as
compensation for the pawn.}) 23. Rxd6 Qe7 24. Rad1 Nc5 25. Qxc4 $2 {The last
mistake of the game.} ({Instead,} 25. Bxc5 {would have given White promising
play on the queenside.} Rxc5 26. b4 $1 {Although the position remains equal
with precise play by Black, this was an excellent opportunity to put some
dangerous pressure on my famous opponent.} Rc7 $1 27. Bc6 Ne8 $1 28. Rd7 Rxd7
29. Rxd7 Qe6 30. b5 Nd6 $1 $11) 25... Nb7 $1 (25... Nce4 26. Rc6 $16) 26. Rc6
Na5 27. Rxc8 Nxc4 28. Bc5 Rxc8 29. Bxe7 Nxb2 30. Re1 Nd3 31. Rd1 Nb2 {A short,
but tense game. Not every draw is dull.} 1/2-1/2